00501nam a2200193 a 4500001001300000003000900013005001700022008004100039020001000080082001300090100001700103245003100120260003800151300000800189500003500197505003200232650002600264700001700290nice12345678IN_TiNIC20260116011350.0050524s1963 lona grp 000 0 eng  ac10000a231bDAM aDammers, A H aGod Is Light, God Is Love. aLondon bLutterworth Press c1963 a80p aincludes index and biblioraphy2 aworld christian books no.22 aGod-Biblical Teaching1 aDammers, A H